[Event "IECG CP.2005.Q.00024 email"]
[Site "IECG email"]
[Date "2007.01.15"]
[Round "?"]
[White "Geiger, Walter"]
[Black "Rodrigues, Luis Nuno"]
[Result "1-0"]
[WhiteElo "2093"]
[BlackElo "1823"]
[PlyCount "77"]
[EventDate "2007.01.15"]
[EventType "tourn (corr)"]
[EventRounds "6"]
[EventCountry "GER"]
[SourceTitle "Corr 2011"]
[Source "ChessBase"]
[SourceDate "2010.08.31"]
[SourceVersion "1"]
[SourceVersionDate "2010.08.31"]
[SourceQuality "1"]

1. e4 e6 2. d4 d5 3. Nc3 Bb4 4. e5 c5 5. a3 Bxc3+ 6. bxc3 Nc6 7. Nf3 f6 8. Bb5 Qa5 9. Bxc6+ bxc6 10. 0-0 Qxc3 11. Rb1 f5 12. Rb3 Qc4 13. dxc5 Qxc5 14. Be3 Qa5 15. Ng5 h5 16. c4 Ne7 17. Qc2 0-0 18. cxd5 cxd5 19. Bc5 Qd8 20. Qe2 g6 21. Rg3 f4 22. Nxe6 Bxe6 23. Bxe7 Qxe7 24. Rxg6+ Kf7 25. Qxh5 Qd7 26. Rb1 Ke7 27. Qg5+ Ke8 28. Rb7 Rc8 29. h4 Rf5 30. Qg4 Rc6 31. Rxd7 Kxd7 32. Rg7+ Kc8 33. Re7 Rf8 34. Rxe6 Rc1+ 35. Kh2 Kb8 36. Re7 Rh8 37. e6 Ka8 38. Rd7 Rb1 39. e7 1-0

[Event "IECG CP.2005.Q.00024 email"]
[Site "IECG email"]
[Date "2007.01.15"]
[Round "?"]
[White "Rodrigues, Luis Nuno"]
[Black "Shutov, Andry"]
[Result "1-0"]
[WhiteElo "1823"]
[BlackElo "1863"]
[PlyCount "99"]
[EventDate "2007.01.15"]
[EventType "tourn (corr)"]
[EventRounds "6"]
[EventCountry "GER"]
[SourceTitle "Corr 2011"]
[Source "ChessBase"]
[SourceDate "2010.08.31"]
[SourceVersion "1"]
[SourceVersionDate "2010.08.31"]
[SourceQuality "1"]

1. e4 Nf6 2. e5 Nd5 3. d4 d6 4. Nf3 Bg4 5. Be2 e6 6. c4 Nb6 7. exd6 cxd6 8. 0-0 Be7 9. Nc3 0-0 10. Re1 N8d7 11. b3 Nf6 12. Bd3 Nbd7 13. h3 Bh5 14. g4 Bg6 15. g5 Nh5 16. Bxg6 hxg6 17. Qd3 Kh7 18. Qe4 Qc7 19. Bd2 Rae8 20. Qh4 Rh8 21. Re4 a6 22. Rae1 Bd8 23. R4e3 Qc8 24. Ne4 Qc7 25. a4 Be7 26. R3e2 Qb6 27. Re3 Qc7 28. R3e2 Qb6 29. Re3 Qc7 30. a5 Kg8 31. Qg4 Nf8 32. Nh4 e5 33. Rd3 Qc6 34. dxe5 dxe5 35. Rd5 Nf4 36. Bxf4 exf4 37. Qxf4 Bb4 38. Re3 Ne6 39. Qg4 Nc7 40. Rd4 Ne6 41. Rdd3 Bf8 42. Rd5 Nc7 43. Rd1 Ne6 44. Rd5 Nc7 45. Rd1 Ne6 46. Nf3 Qc7 47. c5 Qxa5 48. Nd6 Bxd6 49. cxd6 Rh5 50. Kg2 1-0

[Event "IECG CP.2005.Q.00024 email"]
[Site "IECG email"]
[Date "2007.01.15"]
[Round "?"]
[White "Wittal, Werner"]
[Black "Rodrigues, Luis Nuno"]
[Result "1/2-1/2"]
[WhiteElo "1863"]
[BlackElo "1823"]
[PlyCount "91"]
[EventDate "2007.01.15"]
[EventType "tourn (corr)"]
[EventRounds "6"]
[EventCountry "GER"]
[SourceTitle "Corr 2011"]
[Source "ChessBase"]
[SourceDate "2010.08.31"]
[SourceVersion "1"]
[SourceVersionDate "2010.08.31"]
[SourceQuality "1"]

1. d4 Nf6 2. Nf3 c5 3. d5 b5 4. Bg5 Qa5+ 5. c3 Bb7 6. Bxf6 exf6 7. e4 Bd6 8. Nbd2 0-0 9. a4 b4 10. Nc4 Qc7 11. Bd3 Bf4 12. g3 Bh6 13. cxb4 f5 14. 0-0 cxb4 15. Ne3 Bxe3 16. fxe3 Re8 17. Nd2 fxe4 18. Bxe4 d6 19. Rc1 Qe7 20. Rc4 g6 21. Re1 Na6 22. Bg2 Rac8 23. Rf4 Qd8 24. Nb3 Qb6 25. a5 Qc7 26. Ref1 Rxe3 27. Rxf7 Qxf7 28. Rxf7 Kxf7 29. Nd4 Rce8 30. Ne6 Nc5 31. Qf1+ Kg8 32. Qb5 Re7 33. Nxc5 dxc5 34. d6 Re1+ 35. Kf2 R7e2+ 36. Qxe2 Rxe2+ 37. Kxe2 Ba6+ 38. Ke3 Kf7 39. Bh3 c4 40. Bd7 c3 41. bxc3 bxc3 42. Ba4 Ke6 43. d7 Ke7 44. Kd4 Bb5 45. d8Q+ Kxd8 46. Bb3 1/2-1/2

[Event "IECG CP.2006.P.00015 email"]
[Site "IECG email"]
[Date "2006.10.01"]
[Round "?"]
[White "Burkett, Max"]
[Black "Rodrigues, Luis Nuno"]
[Result "1-0"]
[WhiteElo "2146"]
[BlackElo "1821"]
[PlyCount "133"]
[EventDate "2006.10.01"]
[EventType "tourn (corr)"]
[EventRounds "6"]
[SourceTitle "Corr 2011"]
[Source "ChessBase"]
[SourceDate "2010.08.31"]
[SourceVersion "1"]
[SourceVersionDate "2010.08.31"]
[SourceQuality "1"]

1. e4 Nf6 2. e5 Nd5 3. c4 Nb6 4. d4 d6 5. f4 dxe5 6. fxe5 Nc6 7. Be3 Bf5 8. Nc3 e6 9. Nf3 Nb4 10. Rc1 Nd7 11. Be2 Be7 12. 0-0 0-0 13. d5 Bc5 14. Nd4 Bxd4 15. Bxd4 Qg5 16. Rf3 Rfe8 17. Rg3 Qd8 18. a3 Na6 19. Qd2 Nac5 20. Bd1 a5 21. Bc2 Bg6 22. Qe3 Na6 23. Ba4 Rc8 24. Rd1 Qe7 25. d6 cxd6 26. exd6 Qd8 27. b3 Nab8 28. Qf2 e5 29. Ba7 Re6 30. Bxb8 Rxb8 31. Qa7 Qb6+ 32. Qxb6 Nxb6 33. c5 Nxa4 34. Nxa4 e4 35. Nb6 f5 36. Nd5 Rd8 37. Kf2 Bf7 38. b4 Re5 39. Nf4 a4 40. Ke3 g6 41. Kd4 Ree8 42. h4 Kf8 43. Rh1 Kg7 44. h5 Kf6 45. hxg6 hxg6 46. Rh6 Kg7 47. Rgh3 Kf6 48. Rh7 e3 49. Rxe3 Rxe3 50. Kxe3 Re8+ 51. Kd3 g5 52. Nh5+ Bxh5 53. Rxh5 Kg6 54. Rh1 f4 55. b5 Rd8 56. Kc4 Kf7 57. Kd5 Ra8 58. c6 bxc6+ 59. bxc6 Ra5+ 60. Kc4 Ra8 61. Kc5 Ra5+ 62. Kb6 Ra8 63. Kb7 Rf8 64. d7 Rd8 65. Kc7 Rg8 66. d8Q Rxd8 67. Kxd8 1-0

[Event "IECG CP.2006.P.00015 email"]
[Site "IECG email"]
[Date "2006.10.01"]
[Round "?"]
[White "Micu, Sorin"]
[Black "Rodrigues, Luis Nuno"]
[Result "0-1"]
[WhiteElo "1153"]
[BlackElo "1821"]
[PlyCount "48"]
[EventDate "2006.10.01"]
[EventType "tourn (corr)"]
[EventRounds "6"]
[SourceTitle "Corr 2011"]
[Source "ChessBase"]
[SourceDate "2010.08.31"]
[SourceVersion "1"]
[SourceVersionDate "2010.08.31"]
[SourceQuality "1"]

1. d4 Nf6 2. c4 e6 3. Nf3 b6 4. Nc3 Bb7 5. Bg5 Be7 6. e3 h6 7. Bh4 Ne4 8. Bxe7 Qxe7 9. Qc2 Nxc3 10. Qxc3 0-0 11. Be2 d6 12. 0-0 Nd7 13. b4 a5 14. a3 h5 15. h4 axb4 16. axb4 Rxa1 17. Rxa1 Bxf3 18. Bxf3 Qxh4 19. Ra7 Rc8 20. Bb7 Rd8 21. Bc6 Nf6 22. Rxc7 Ng4 23. Qc2 d5 24. Ra7 Qh2+ 0-1

[Event "IECG TE.2005.S.01801"]
[Site "IECG email"]
[Date "2006.05.05"]
[Round "?"]
[White "Bertel, Michael"]
[Black "Rodrigues, Luis Nuno"]
[Result "1-0"]
[WhiteElo "1822"]
[BlackElo "1985"]
[PlyCount "75"]
[EventDate "2006.05.05"]
[EventType "tourn (corr)"]
[EventRounds "2"]
[SourceTitle "Corr 2008"]
[Source "ChessBase"]
[SourceDate "2008.06.24"]
[SourceVersion "1"]
[SourceVersionDate "2008.06.24"]
[SourceQuality "1"]

1. d4 Nf6 2. c4 c5 3. d5 b5 4. Nf3 e6 5. e4 Nxe4 6. Bd3 Nf6 7. Nc3 bxc4 8. Bxc4 Ba6 9. Bxa6 Nxd5 10. Bb7 Nxc3 11. bxc3 Nc6 12. Bf4 Be7 13. Qa4 0-0 14. Rd1 Rc8 15. Bxc8 Qxc8 16. Ne5 Bf6 17. Nxc6 Qxc6 18. Qxc6 dxc6 19. Kd2 g5 20. Bd6 Rd8 21. Kc2 a6 22. Bxc5 Rd5 23. Rxd5 cxd5 24. Rb1 Kg7 25. Bd4 e5 26. Bc5 h5 27. Rb6 a5 28. Rd6 a4 29. Rxd5 Kh7 30. c4 h4 31. Be3 Be7 32. c5 Bxc5 33. Bxc5 f6 34. Be7 Kg6 35. Rd6 g4 36. Rxf6+ Kg7 37. h3 gxh3 38. gxh3 1-0

[Event "IECG TE.2005.P.01905"]
[Site "IECG email"]
[Date "2005.06.19"]
[Round "?"]
[White "Cuomo, Salvatore"]
[Black "Rodrigues, Luis Nuno"]
[Result "0-1"]
[WhiteElo "1494"]
[BlackElo "1985"]
[PlyCount "64"]
[EventDate "2005.06.19"]
[EventType "tourn (corr)"]
[EventRounds "8"]
[SourceTitle "Corr 2008"]
[Source "ChessBase"]
[SourceDate "2008.06.24"]
[SourceVersion "1"]
[SourceVersionDate "2008.06.24"]
[SourceQuality "1"]

1. d4 d5 2. e4 dxe4 3. Nc3 e5 4. Nxe4 exd4 5. Bc4 Qe7 6. Qe2 Bf5 7. Ng5 Nh6 8. N5f3 Nc6 9. Bxh6 gxh6 10. Qxe7+ Bxe7 11. 0-0-0 0-0-0 12. Ne2 Bc5 13. Bxf7 Rhf8 14. Bc4 Be4 15. Rhf1 Bxf3 16. gxf3 Rxf3 17. Ng3 Ne5 18. Be6+ Kb8 19. Ne4 Be7 20. Rde1 Rf4 21. Nd2 Bd6 22. h3 Rdf8 23. Ne4 Nf3 24. Re2 Re8 25. Nxd6 cxd6 26. Bc4 Re5 27. Rh1 h5 28. b4 Kc7 29. Kb2 d3 30. Bxd3 Rxb4+ 31. Kc3 Rf4 32. Rxe5 dxe5 0-1

[Event "IECG TE.2005.P.01905"]
[Site "IECG email"]
[Date "2005.06.19"]
[Round "?"]
[White "Rodrigues, Luis Nuno"]
[Black "Lambrecht, Carlos Roberto"]
[Result "1-0"]
[WhiteElo "1985"]
[BlackElo "915"]
[PlyCount "39"]
[EventDate "2005.06.19"]
[EventType "tourn (corr)"]
[EventRounds "8"]
[SourceTitle "Corr 2008"]
[Source "ChessBase"]
[SourceDate "2008.06.24"]
[SourceVersion "1"]
[SourceVersionDate "2008.06.24"]
[SourceQuality "1"]

1. d4 d5 2. e4 dxe4 3. Nc3 Nf6 4. f3 exf3 5. Nxf3 Bg4 6. h3 Bh5 7. g4 Bg6 8. Ne5 e6 9. Qf3 Bb4 10. Nxg6 hxg6 11. Qxb7 Bxc3+ 12. bxc3 Nbd7 13. Bg2 Nb6 14. Qc6+ Nfd7 15. 0-0 Rb8 16. Ba3 Nc8 17. d5 Rb6 18. dxe6 f6 19. exd7+ Qxd7 20. Qa8 1-0

[Event "IECG CB.2004.0.00128 email"]
[Site "IECG email"]
[Date "2004.12.27"]
[Round "?"]
[White "Fees, Dennis A"]
[Black "Rodrigues, Luis Nuno"]
[Result "1/2-1/2"]
[WhiteElo "1800"]
[BlackElo "1985"]
[PlyCount "127"]
[EventDate "2004.12.27"]
[EventType "tourn (corr)"]
[EventRounds "6"]
[SourceTitle "Corr 2008"]
[Source "ChessBase"]
[SourceDate "2008.06.24"]
[SourceVersion "1"]
[SourceVersionDate "2008.06.24"]
[SourceQuality "1"]

1. e4 c5 2. Nf3 d6 3. d4 cxd4 4. Nxd4 Nf6 5. Nc3 a6 6. Bg5 e6 7. f4 Qb6 8. Qd2 Qxb2 9. Rb1 Qa3 10. f5 Nc6 11. fxe6 fxe6 12. Nxc6 bxc6 13. Be2 Be7 14. 0-0 0-0 15. Rb3 Qc5+ 16. Be3 Qe5 17. Bf4 Qc5+ 18. Kh1 Ng4 19. h3 e5 20. Na4 Qa7 21. Bc4+ Kh8 22. hxg4 exf4 23. Nb6 d5 24. exd5 cxd5 25. Bxd5 Rb8 26. Nxc8 Rbxc8 27. Rh3 Qb6 28. c4 Bg5 29. Qe2 Qf6 30. Qc2 h6 31. Qe4 Rce8 32. Qc2 Re5 33. Rhf3 Rfe8 34. Qa4 Qd8 35. Bf7 R8e7 36. Bg6 R7e6 37. Bb1 Re2 38. c5 Rd2 39. c6 Ree2 40. Rg1 Qb6 41. Be4 Rd4 42. Qb3 Qxb3 43. Rxb3 Rdxe4 44. c7 Rc4 45. Rb8+ Kh7 46. c8Q Rxc8 47. Rxc8 Rxa2 48. Rgc1 f3 49. R8c2 Ra4 50. Rb1 Rxg4 51. gxf3 Rh4+ 52. Kg2 a5 53. Ra2 Rb4 54. Rxb4 axb4 55. Ra5 Kg6 56. Kf2 Bd2 57. Rb5 Kf7 58. Ke2 Bc3 59. Ke3 Ke7 60. f4 Kd6 61. Kd3 Kd7 62. Ke4 Kc6 63. Rb8 Kc7 64. Rb5 1/2-1/2

[Event "IECC CL3-2004.25 email"]
[Site "IECC email"]
[Date "2004.12.18"]
[Round "?"]
[White "Endean, Andrew"]
[Black "Rodrigues, Luis Nuno"]
[Result "0-1"]
[WhiteElo "1783"]
[BlackElo "1995"]
[PlyCount "78"]
[EventDate "2004.??.??"]
[EventType "tourn (corr)"]
[EventRounds "4"]
[SourceTitle "Corr 2008"]
[Source "ChessBase"]
[SourceDate "2008.06.24"]
[SourceVersion "1"]
[SourceVersionDate "2008.06.24"]
[SourceQuality "1"]

1. d4 Nf6 2. c4 e6 3. Nf3 b6 4. g3 Ba6 5. b3 Bb4+ 6. Bd2 Be7 7. Bg2 d5 8. cxd5 exd5 9. 0-0 0-0 10. Nc3 Ne4 11. Rc1 Nxd2 12. Qxd2 Bb4 13. Ne5 c6 14. Rfd1 Bb7 15. Qc2 Nd7 16. Nd3 Ba3 17. Rb1 Be7 18. Rbc1 Nf6 19. Ne5 Ba3 20. Rb1 Bd6 21. Nf3 Re8 22. e3 Qd7 23. Rbc1 Rad8 24. Nd2 Qg4 25. Re1 Re7 26. Qd1 Qd7 27. Qc2 Ba3 28. Rb1 a5 29. Na4 Qc7 30. Nc3 Ba6 31. Nf3 Ne4 32. Rbd1 Nxc3 33. Qxc3 Bb4 34. Qc2 Bxe1 35. Rxe1 Qd6 36. Rc1 Bb7 37. h3 Rc8 38. Ne5 c5 39. Nd3 c4 0-1

[Event "IECC CL3-2004.25 email"]
[Site "IECC email"]
[Date "2004.12.18"]
[Round "?"]
[White "Rodrigues, Luis Nuno"]
[Black "Jordan, Tanya"]
[Result "1-0"]
[WhiteElo "1983"]
[BlackElo "1911"]
[PlyCount "65"]
[EventDate "2004.??.??"]
[EventType "tourn (corr)"]
[EventRounds "4"]
[SourceTitle "Corr 2008"]
[Source "ChessBase"]
[SourceDate "2008.06.24"]
[SourceVersion "1"]
[SourceVersionDate "2008.06.24"]
[SourceQuality "1"]

1. e4 c5 2. Nf3 e6 3. d4 cxd4 4. Nxd4 Nf6 5. Nc3 d6 6. g4 h6 7. h4 Nc6 8. Rg1 h5 9. gxh5 Nxh5 10. Bg5 Nf6 11. Be2 a6 12. Nxc6 bxc6 13. Qd3 Qb6 14. 0-0-0 Rb8 15. b3 Qb4 16. Kb1 Nd7 17. Qg3 Bb7 18. Bf4 e5 19. Bd2 Qc5 20. f4 Bc8 21. Rgf1 Rh7 22. fxe5 Nxe5 23. Na4 Qa7 24. Bc3 Be6 25. Bxe5 dxe5 26. Qxe5 Rh6 27. h5 Rc8 28. Rg1 Qc7 29. Qc3 Rd8 30. Rxd8+ Qxd8 31. Bxa6 Bg4 32. Bb7 Bd7 33. Nc5 1-0

[Event "IECC CL3-2004.09 email"]
[Site "IECC email"]
[Date "2004.03.12"]
[Round "?"]
[White "Tew, Paul"]
[Black "Rodrigues, Luis Nuno"]
[Result "0-1"]
[WhiteElo "1985"]
[BlackElo "1966"]
[PlyCount "66"]
[EventDate "2004.??.??"]
[EventType "tourn (corr)"]
[EventRounds "4"]
[SourceTitle "Corr 2008"]
[Source "ChessBase"]
[SourceDate "2008.06.24"]
[SourceVersion "1"]
[SourceVersionDate "2008.06.24"]
[SourceQuality "1"]

1. e4 c5 2. Nf3 d6 3. Bb5+ Nd7 4. d4 Ngf6 5. Nc3 cxd4 6. Qxd4 e5 7. Qd3 h6 8. Be3 Be7 9. 0-0 0-0 10. Bc4 b6 11. Nh4 Kh8 12. b4 a5 13. a3 axb4 14. axb4 Rxa1 15. Rxa1 d5 16. exd5 Bxb4 17. Nf3 Ng4 18. Bd2 f5 19. Qe2 Bc5 20. Be3 Nxe3 21. fxe3 f4 22. Kh1 Bxe3 23. Ra8 b5 24. Bxb5 Nb6 25. Ra1 Bd4 26. Qd2 Nxd5 27. Nxd4 Nxc3 28. Qxc3 exd4 29. Qf3 Qe7 30. Ra8 Qe1+ 31. Bf1 Qc1 32. Qe2 Kh7 33. Qb5 Bd7 0-1

[Event "IECC CL3-2003.21 email"]
[Site "IECC email"]
[Date "2003.09.08"]
[Round "?"]
[White "Rodrigues, Luis Nuno"]
[Black "Wozniak, Zbigniew"]
[Result "1/2-1/2"]
[WhiteElo "1991"]
[BlackElo "2015"]
[PlyCount "106"]
[EventDate "2003.??.??"]
[EventType "tourn (corr)"]
[EventRounds "4"]
[SourceTitle "Corr 2008"]
[Source "ChessBase"]
[SourceDate "2008.06.24"]
[SourceVersion "1"]
[SourceVersionDate "2008.06.24"]
[SourceQuality "1"]

1. d4 d5 2. c4 c6 3. Nc3 Nf6 4. e3 a6 5. Nf3 b5 6. cxd5 cxd5 7. Bd3 e6 8. 0-0 Bb7 9. a3 Bd6 10. b4 0-0 11. Bb2 Qc7 12. Qe2 Nbd7 13. Rfc1 Qb8 14. Kh1 Rc8 15. Na2 Nb6 16. Rxc8+ Qxc8 17. Nc1 Nc4 18. Nb3 Kh8 19. Ng5 Qc7 20. Rb1 h6 21. Nf3 Ng4 22. h3 Nf6 23. Rc1 Nd7 24. Bb1 Ndb6 25. Ne5 Bxe5 26. dxe5 Bc6 27. Qc2 g6 28. Ba2 Nxb2 29. Qxb2 Nc4 30. Qd4 Kh7 31. Qf4 Be8 32. e4 Qxe5 33. Qxe5 Nxe5 34. exd5 exd5 35. Rd1 Nc4 36. Rxd5 Nxa3 37. Nd4 Rc8 38. Rc5 Rxc5 39. bxc5 Nc4 40. Kg1 Kg7 41. f4 Kf6 42. Kf2 Ke7 43. Bxc4 bxc4 44. Ke3 h5 45. Kd2 Bb5 46. Kc3 Kd7 47. g4 hxg4 48. hxg4 f6 49. g5 fxg5 50. fxg5 Ke7 51. Kb4 Kd7 52. Kc3 Ke7 53. Kb4 Kd7 1/2-1/2

[Event "IECC CL3-2000.58"]
[Site "IECC email"]
[Date "2000.11.19"]
[Round "?"]
[White "Rossi, Giovanni"]
[Black "Rodrigues, Luis Nuno"]
[Result "1-0"]
[WhiteElo "1996"]
[BlackElo "1952"]
[PlyCount "59"]
[EventDate "2000.??.??"]
[EventType "tourn (corr)"]
[EventRounds "4"]
[SourceTitle "Corr 2008"]
[Source "ChessBase"]
[SourceDate "2008.06.24"]
[SourceVersion "1"]
[SourceVersionDate "2008.06.24"]
[SourceQuality "1"]

1. e4 c5 2. Nf3 d6 3. d4 cxd4 4. Nxd4 Nf6 5. Nc3 a6 6. Bg5 e6 7. f4 Be7 8. Qf3 Qc7 9. 0-0-0 Nbd7 10. g4 b5 11. Bxf6 Nxf6 12. g5 Nd7 13. f5 Bxg5+ 14. Kb1 Nc5 15. fxe6 Bxe6 16. Rg1 Bh6 17. Nd5 Qb7 18. Nf6+ Ke7 19. Nd5+ Kf8 20. b4 Bxd5 21. exd5 Na4 22. Ne6+ Ke8 23. Re1 fxe6 24. Rxe6+ Kd8 25. Rxd6+ Kc8 26. Qg3 Qc7 27. Rc6 Ra7 28. Rxc7+ Rxc7 29. d6 Rf7 30. Bh3+ 1-0

[Event "IECC CL3-2000.02"]
[Site "IECC email"]
[Date "1999.11.03"]
[Round "?"]
[White "Hakuc, Waclaw"]
[Black "Rodrigues, Luis Nuno"]
[Result "0-1"]
[WhiteElo "1844"]
[BlackElo "1987"]
[PlyCount "128"]
[EventDate "2000.??.??"]
[EventType "tourn (corr)"]
[EventRounds "4"]
[SourceTitle "Corr 2008"]
[Source "ChessBase"]
[SourceDate "2008.06.24"]
[SourceVersion "1"]
[SourceVersionDate "2008.06.24"]
[SourceQuality "1"]

1. e4 c5 2. Nf3 d6 3. d4 cxd4 4. Nxd4 Nf6 5. Nc3 a6 6. Be2 e6 7. 0-0 Be7 8. Be3 0-0 9. f4 Qc7 10. Bf3 Nc6 11. Qd2 Na5 12. b3 Bd7 13. Nde2 Rfc8 14. Rad1 Bc6 15. Rfe1 b5 16. a3 d5 17. exd5 Rd8 18. Qd4 Bxd5 19. Qb6 Qxb6 20. Bxb6 Bxf3 21. Bxd8 Bxe2 22. Bxe7 Bxd1 23. Rxd1 Ng4 24. Rd2 Nc6 25. Bh4 Ne3 26. Bf2 Ng4 27. Ne4 Nxf2 28. Kxf2 Kf8 29. Ke3 a5 30. c4 bxc4 31. bxc4 Rb8 32. Nc5 Ke7 33. Rd7+ Ke8 34. Rc7 Rb6 35. Nb7 Ne7 36. Kd4 Rb3 37. a4 Rb2 38. Kc5 Rxg2 39. Nd6+ Kf8 40. Ra7 g5 41. fxg5 Rxg5+ 42. Kb6 Rh5 43. Rxa5 Rxh2 44. Ra7 h5 45. a5 h4 46. Ra8+ Kg7 47. Ra7 Rd2 48. c5 Nd5+ 49. Ka6 Rf2 50. c6 h3 51. c7 Rc2 52. c8Q Rxc8 53. Rxf7+ Kg6 54. Nxc8 Kxf7 55. Nd6+ Kg6 56. Ne4 Kh5 57. Nf2 h2 58. Kb7 Nb4 59. a6 Nxa6 60. Kxa6 Kh4 61. Kb5 Kg3 62. Ne4+ Kf4 63. Nf2 Kf3 64. Nd3 h1Q 0-1

[Event "IECC CL3-2000.02"]
[Site "IECC email"]
[Date "1999.11.03"]
[Round "?"]
[White "Rodrigues, Luis Nuno"]
[Black "Newton, Hobart E"]
[Result "0-1"]
[WhiteElo "1997"]
[BlackElo "1860"]
[PlyCount "150"]
[EventDate "2000.??.??"]
[EventType "tourn (corr)"]
[EventRounds "4"]
[SourceTitle "Corr 2008"]
[Source "ChessBase"]
[SourceDate "2008.06.24"]
[SourceVersion "1"]
[SourceVersionDate "2008.06.24"]
[SourceQuality "1"]

1. d4 Nf6 2. c4 e6 3. Nf3 b6 4. Nc3 Bb7 5. a3 d5 6. cxd5 Nxd5 7. Qc2 Nxc3 8. bxc3 c5 9. e4 Nd7 10. Be3 Rc8 11. Rd1 cxd4 12. Bxd4 f6 13. Bb5 Bc6 14. Ba6 Rc7 15. a4 Qa8 16. Bd3 Kf7 17. 0-0 Nc5 18. Bxc5 Bxc5 19. Nd4 Bxd4 20. cxd4 Rcc8 21. Qe2 Bxa4 22. Ra1 Bc6 23. Rfb1 Rc7 24. Bc4 Rd8 25. Bxe6+ Kxe6 26. d5+ Kf7 27. Rc1 a5 28. Qa2 Kf8 29. Qa3+ Kg8 30. Qe3 Qb7 31. dxc6 Rxc6 32. e5 Re6 33. Qb3 Qd5 34. Qxd5 Rxd5 35. exf6 Rxf6 36. Ra2 Rc6 37. Rb1 Rb5 38. Rba1 Kf7 39. f4 Rb4 40. g3 Rcc4 41. Rd1 a4 42. Rd7+ Kf6 43. Kf2 b5 44. Rd6+ Ke7 45. Ra6 Rc7 46. Kf3 Rb1 47. Re2+ Kd7 48. Re3 g6 49. h3 Kc8 50. g4 Rf1+ 51. Kg3 Kb7 52. Ra5 Kb6 53. Ra8 Rg1+ 54. Kh4 Rc4 55. Rb8+ Ka5 56. Kg5 Rc6 57. Kh6 Rf1 58. Re5 Rb6 59. Rxb6 Kxb6 60. Re6+ Ka5 61. Kxh7 a3 62. Re8 Ka4 63. Re2 b4 64. Kxg6 b3 65. Re4+ Kb5 66. Re3 Kc4 67. Re4+ Kd3 68. Ra4 a2 69. f5 Kc3 70. Kh6 Kb2 71. Kg7 a1Q 72. Rxa1 Kxa1 73. f6 b2 74. g5 b1Q 75. h4 Qb7+ 0-1

[Event "IECC CL3-2000.02"]
[Site "IECC email"]
[Date "1999.11.03"]
[Round "?"]
[White "Roldan Ortiz, Antonio Jose"]
[Black "Rodrigues, Luis Nuno"]
[Result "0-1"]
[WhiteElo "1944"]
[BlackElo "1972"]
[PlyCount "94"]
[EventDate "2000.??.??"]
[EventType "tourn (corr)"]
[EventRounds "4"]
[SourceTitle "Corr 2008"]
[Source "ChessBase"]
[SourceDate "2008.06.24"]
[SourceVersion "1"]
[SourceVersionDate "2008.06.24"]
[SourceQuality "1"]

1. e4 c5 2. Nf3 Nc6 3. Bb5 g6 4. 0-0 Bg7 5. c3 Nf6 6. Re1 0-0 7. d4 d5 8. Bxc6 bxc6 9. exd5 cxd5 10. dxc5 Ne4 11. c4 Nxc5 12. cxd5 Ba6 13. Nc3 Nd3 14. Re4 Rc8 15. Ra4 Qd6 16. Ne4 Qb6 17. Be3 Qb7 18. Qb3 Rfd8 19. Nc3 Nxb2 20. Qxb7 Bxb7 21. Rxa7 Ba8 22. Nb5 Nc4 23. Bd4 Rxd5 24. Bxg7 Rxb5 25. Bh6 Bxf3 26. gxf3 Rh5 27. Bc1 Kf8 28. a4 Ra5 29. Rxa5 Nxa5 30. Bd2 Nb3 31. Bh6+ Ke8 32. Ra2 Na5 33. Bd2 Ra8 34. Kf1 h5 35. Ke2 Kd7 36. Kd3 Ke6 37. Ke4 Nb3 38. Bb4 Rd8 39. Ke3 Rd4 40. Be1 f5 41. Bd2 f4+ 42. Ke2 Nxd2 43. Rxd2 Rxa4 44. Kf1 g5 45. Kg2 Ra8 46. Rd4 Kf5 47. Rd8 Rxd8 0-1